[Event "2BLW 2223 SC Siegburg - Aachener SV"]
[Site "?"]
[Date "2022.11.26"]
[Round "3.8"]
[White "Kolkin, Michail"]
[Black "Lamby, Philipp"]
[Result "1-0"]
[WhiteElo "2321"]
[BlackElo "2164"]
[PlyCount "77"]
[EventDate "2022.??.??"]

1. Nf3 d5 2. g3 Bg4 3. Bg2 Nd7 4. d4 e6 5. O-O Bd6 6. c4 c6 7. Qb3 Qb6 8. Nc3 Ngf6 9. c5 Qxb3 10. axb3 Bc7 11. b4 O-O 12. b5 a6 13. b6 Bxf3 14. Bxf3 Bd8 15. Bf4 Re8 16. b4 Rc8 17. Bd6 Be7 18. Bf4 h6 19. Bg2 Bd8 20. Bh3 Ne4 21. Nxe4 dxe4 22. Bg2 f5 23. f3 e5 24. dxe5 g5 25. Rad1 Nxb6 26. Bc1 Nd5 27. fxe4 fxe4 28. Bxe4 Rxe5 29. Bf5 Ra8 30. e4 Nc3 31. Rd7 Re7 32. Bb2 Na4 33. Rxe7 Bxe7 34. Be6+ Kh7 35. Rf7+ Kg6 36. Rg7+ Kh5 37. Bf7+ Kg4 38. Kg2 Nxb2 39. h3# 1-0

[Event "2BLW 2223 SG Solingen II - SG Porz"]
[Site "?"]
[Date "2022.11.26"]
[Round "3.1"]
[White "Lutz, Christopher"]
[Black "Krastev, Alexander"]
[Result "1/2-1/2"]
[WhiteElo "2529"]
[BlackElo "2422"]
[PlyCount "80"]
[EventDate "2022.??.??"]

1. e4 c5 2. Nf3 e6 3. d4 cxd4 4. Nxd4 Nf6 5. Nc3 Nc6 6. Ndb5 Bb4 7. a3 Bxc3+ 8. Nxc3 d5 9. exd5 exd5 10. Bd3 O-O 11. O-O Bg4 12. f3 Bh5 13. Kh1 d4 14. Ne2 Qb6 15. Nf4 Bg6 16. Nxg6 hxg6 17. f4 Ne7 18. Qf3 Rfe8 19. Bd2 Nf5 20. Rfe1 Rxe1+ 21. Rxe1 Qxb2 22. g4 Ne3 23. Bxe3 dxe3 24. g5 Ne8 25. f5 gxf5 26. g6 Nd6 27. gxf7+ Kf8 28. Qxe3 Qf6 29. Bxf5 Nxf7 30. Bh3 b6 31. Qe4 Rd8 32. Rf1 Re8 33. Qb4+ Qe7 34. Be6 Qxb4 35. Rxf7+ Kg8 36. axb4 Rxe6 37. Rxa7 Re1+ 38. Kg2 Re2+ 39. Kg3 Rxc2 40. Rb7 Rc6 1/2-1/2

[Event "2BLW 2223 SG Solingen II - SG Porz"]
[Site "?"]
[Date "2022.11.26"]
[Round "3.2"]
[White "Roseneck, Jonas"]
[Black "Xu, Xianliang"]
[Result "1/2-1/2"]
[WhiteElo "2402"]
[BlackElo "2451"]
[PlyCount "129"]
[EventDate "2022.??.??"]

1. d4 d5 2. c4 dxc4 3. Nf3 Nf6 4. e3 e6 5. Bxc4 c5 6. O-O a6 7. b3 cxd4 8. Nxd4 Bc5 9. Bb2 O-O 10. Nd2 b5 11. Be2 Bb7 12. Rc1 Nbd7 13. a4 bxa4 14. bxa4 Rc8 15. Bf3 Bxf3 16. N4xf3 Qe7 17. Qe2 a5 18. Nb3 Bb4 19. Nfd4 Nc5 20. Nxc5 Bxc5 21. Qb5 Bxd4 22. Bxd4 Rxc1 23. Rxc1 Qb4 24. Qxb4 axb4 25. a5 Ra8 26. Kf1 h5 27. Ra1 Nd7 28. Ke2 e5 29. Bb2 Nc5 30. Bxe5 Nb3 31. Rb1 Rxa5 32. Rxb3 Rxe5 33. Rxb4 Ra5 34. Rb7 g6 35. g3 Ra2+ 36. Kf3 Ra4 37. Rd7 Kg7 38. Rd6 Rb4 39. e4 Rb3+ 40. Kf4 Rb2 41. Ke3 Rb1 42. Rd2 Rb3+ 43. Kf4 Rb4 44. f3 Ra4 45. Rd7 Rb4 46. Kg5 Rb5+ 47. Kf4 Rb4 48. Ra7 Rc4 49. Ra6 Rb4 50. Kg5 Rb5+ 51. Kh4 Rb2 52. Kh3 Re2 53. Ra4 Kf6 54. f4 Ke7 55. e5 Rf2 56. Ra6 Re2 57. Ra7+ Ke6 58. Rb7 Rf2 59. Rb6+ Ke7 60. Rb1 Ke6 61. Rb6+ Ke7 62. Rf6 Re2 63. Rc6 Kd7 64. Ra6 Ke7 65. Rb6 1/2-1/2

[Event "2BLW 2223 SG Solingen II - SG Porz"]
[Site "?"]
[Date "2022.11.26"]
[Round "3.3"]
[White "Rotstein, Arkadij"]
[Black "Gaponenko, Inna"]
[Result "1/2-1/2"]
[WhiteElo "2462"]
[BlackElo "2339"]
[PlyCount "85"]
[EventDate "2022.??.??"]

1. Nf3 d5 2. e3 Nf6 3. c4 e6 4. Nc3 dxc4 5. Bxc4 c5 6. O-O a6 7. b3 b5 8. Be2 Nbd7 9. Bb2 Bb7 10. d4 Bd6 11. dxc5 Bxc5 12. Qb1 O-O 13. Rd1 Qc7 14. a3 Rac8 15. h3 Rfd8 16. b4 Be7 17. Rc1 Qb8 18. a4 bxa4 19. Nxa4 Be4 20. Rxc8 Qxc8 21. Qe1 Qb7 22. Ba3 Rb8 23. Nc3 Bxb4 24. Bxb4 Qxb4 25. Nxe4 Qxe1+ 26. Rxe1 Nxe4 27. Bxa6 Ndc5 28. Bf1 Nc3 29. Rc1 N5e4 30. Nd4 Rb1 31. Rc2 g6 32. g4 Nd5 33. Kg2 Kg7 34. Bd3 Nef6 35. g5 Nd7 36. Be4 N7b6 37. Ra2 Rc1 38. Rb2 h6 39. h4 hxg5 40. hxg5 Rc7 41. Bf3 Nc4 42. Rb8 Ne7 43. Rb7 1/2-1/2

[Event "2BLW 2223 SG Solingen II - SG Porz"]
[Site "?"]
[Date "2022.11.26"]
[Round "3.4"]
[White "Schlecht, Daniel"]
[Black "Suvorov, Alexander"]
[Result "1-0"]
[WhiteElo "2366"]
[BlackElo "2343"]
[PlyCount "121"]
[EventDate "2022.??.??"]

1. d4 Nf6 2. c4 g6 3. Nc3 Bg7 4. e4 d6 5. Nf3 O-O 6. Be2 e5 7. O-O Bg4 8. d5 a5 9. h3 Bd7 10. c5 Na6 11. cxd6 cxd6 12. Be3 Be8 13. Nd2 Nd7 14. Bb5 Ndc5 15. Qe2 f5 16. f3 Bf6 17. Bxe8 Rxe8 18. Nb5 Be7 19. b3 Rf8 20. a3 Qd7 21. Rfb1 Qd8 22. Bf2 Rc8 23. Be3 Kg7 24. Rc1 h5 25. Rab1 Qd7 26. Nc3 Qd8 27. b4 axb4 28. axb4 Nd7 29. Nc4 Nf6 30. Bb6 Qd7 31. Bf2 Bd8 32. Qd3 Rh8 33. f4 exf4 34. exf5 gxf5 35. Bd4 Re8 36. Rf1 Kg6 37. Rxf4 b5 38. Ne3 Rxc3 39. Qxc3 Ne4 40. Qd3 Bg5 41. Rf3 f4 42. Nf1 Nc7 43. Bb6 Na8 44. Ba5 Kh6 45. Kh2 Re5 46. h4 Bxh4 47. Rxf4 Qe7 48. Bd8 Qxd8 49. Rxe4 Bf6 50. Nd2 Nc7 51. Nf3 Rxd5 52. Qe3+ Kg6 53. Rf1 Rf5 54. Qd3 Kh6 55. Re7 Qxe7 56. Qxf5 d5 57. Rc1 Qd6+ 58. Kh1 Na6 59. Re1 Nc7 60. Ne5 Bxe5 61. Rxe5 1-0

[Event "2BLW 2223 SG Solingen II - SG Porz"]
[Site "?"]
[Date "2022.11.26"]
[Round "3.5"]
[White "Suvorov, Luca"]
[Black "Schaefer, Markus"]
[Result "1/2-1/2"]
[WhiteElo "2314"]
[BlackElo "2353"]
[PlyCount "30"]
[EventDate "2022.??.??"]

1. d4 Nf6 2. c4 g6 3. f3 Bg7 4. e4 d6 5. Nc3 c6 6. Be3 a6 7. a4 a5 8. Bd3 Na6 9. Qd2 e5 10. d5 O-O 11. Rd1 cxd5 12. cxd5 Nd7 13. Nge2 Ndc5 14. Bxa6 Nxa6 15. O-O b6 1/2-1/2

[Event "2BLW 2223 SG Solingen II - SG Porz"]
[Site "?"]
[Date "2022.11.26"]
[Round "3.6"]
[White "Zolfagharian, Kevin"]
[Black "Korotkjevich, Stanislav"]
[Result "0-1"]
[WhiteElo "2249"]
[BlackElo "2364"]
[PlyCount "74"]
[EventDate "2022.??.??"]

1. e4 Nc6 2. Nf3 d6 3. d4 Nf6 4. Nc3 g6 5. Be3 Bg7 6. Qd2 O-O 7. Bh6 e5 8. Bxg7 Kxg7 9. d5 Ne7 10. O-O-O Rb8 11. Nh4 h6 12. g3 b5 13. f3 b4 14. Ne2 c6 15. dxc6 Nxc6 16. Bg2 Be6 17. Kb1 Qa5 18. b3 d5 19. g4 dxe4 20. g5 hxg5 21. Qxg5 exf3 22. Nxf3 Bf5 23. Ne1 Rbc8 24. Rd6 Nh7 25. Qe3 Ne7 26. Ng3 Bxc2+ 27. Nxc2 Rxc2 28. Kxc2 Qc7+ 29. Kb1 Qxd6 30. Qxa7 Rc8 31. Qe3 Nf6 32. Re1 Rc5 33. Be4 Rc3 34. Qe2 Qc5 35. Bd3 Ned5 36. Ne4 Nxe4 37. Qxe4 Rxb3+ 0-1

[Event "2BLW 2223 SG Solingen II - SG Porz"]
[Site "?"]
[Date "2022.11.26"]
[Round "3.7"]
[White "Pauly, Carlo"]
[Black "Berg, Michael"]
[Result "0-1"]
[WhiteElo "2305"]
[BlackElo "2303"]
[PlyCount "190"]
[EventDate "2022.??.??"]

1. Nf3 c5 2. c4 g6 3. g3 Bg7 4. Bg2 Nc6 5. O-O a6 6. Nc3 Rb8 7. e3 b5 8. cxb5 axb5 9. d4 b4 10. Ne4 cxd4 11. exd4 d6 12. Re1 Nf6 13. Nxf6+ Bxf6 14. Bh6 Qb6 15. Rc1 Bd7 16. Qe2 Rg8 17. Bf4 Bg4 18. Rxc6 Qxc6 19. h3 Bxf3 20. Bxf3 Qb6 21. d5 Rc8 22. g4 Rc7 23. g5 Bd4 24. Qd2 Kf8 25. Re4 Bc5 26. b3 Qa6 27. h4 Ra7 28. Re2 Qc8 29. Kg2 Qf5 30. Be4 Qg4+ 31. Bg3 Kg7 32. Qb2+ Kf8 33. f3 Qc8 34. Rc2 Rc7 35. Be1 Qb8 36. Rc4 Qb6 37. Qc2 Ra7 38. Kh3 Qa6 39. Bxb4 Bxb4 40. Rxb4 Qxa2 41. Rb8+ Kg7 42. Qc3+ f6 43. gxf6+ exf6 44. Rxg8+ Kxg8 45. Qxf6 Qa6 46. Kg3 Qb6 47. Kh3 Qb8 48. Qg5 Qxb3 49. Qd8+ Kg7 50. Qxd6 Qc3 51. Qe6 Qf6 52. Qg4 Qe5 53. Qg5 Qf6 54. Qg3 Re7 55. Qb8 Re5 56. Qc7+ Kh6 57. Kg4 Re7 58. Qh2 Kg7 59. h5 Re5 60. h6+ Kf7 61. Qd2 Rh5 62. f4 Qh4+ 63. Kf3 Qh1+ 64. Ke3 Rh3+ 65. Kd4 Qa1+ 66. Kc5 Qa3+ 67. Kd4 Qa7+ 68. Ke5 Qe7+ 69. Kd4 Qf6+ 70. Kc5 Qa1 71. Bd3 Qa3+ 72. Kd4 Qa7+ 73. Ke4 Qe7+ 74. Kd4 Rxh6 75. Bc4 Qd6 76. Qe1 Qxf4+ 77. Kc5 Qc7+ 78. Kb5 Qd7+ 79. Kc5 Rh5 80. Qg3 Qe7+ 81. Kc6 Qe8+ 82. Kc7 Qe7+ 83. Kc6 Qe4 84. Qc7+ Kf6 85. Qd8+ Kg7 86. Qc7+ Kh6 87. Kc5 Rh4 88. Bb5 Qb4+ 89. Kb6 Qd4+ 90. Qc5 Kg7 91. d6 Kf6 92. Kc6 Qxc5+ 93. Kxc5 Ke6 94. d7 Ke7 95. Kc6 Rd4 0-1

[Event "2BLW 2223 SG Solingen II - SG Porz"]
[Site "?"]
[Date "2022.11.26"]
[Round "3.8"]
[White "Michalczak, Thomas"]
[Black "Marcziter, Dmitrii"]
[Result "1-0"]
[WhiteElo "2267"]
[BlackElo "2256"]
[PlyCount "111"]
[EventDate "2022.??.??"]

1. e4 c5 2. Nf3 e6 3. d4 cxd4 4. Nxd4 Nc6 5. Nc3 a6 6. Bf4 Bb4 7. Nxc6 bxc6 8. Qd4 Bf8 9. O-O-O Nf6 10. Bc4 Be7 11. Bd6 O-O 12. e5 Nd5 13. Ne4 f6 14. Rhe1 Bxd6 15. Nxd6 fxe5 16. Rxe5 Qf6 17. Bxd5 cxd5 18. Rxd5 Bb7 19. Qxf6 Rxf6 20. Rg5 Bc6 21. f3 Rf4 22. b3 Bd5 23. c4 Bc6 24. Ra5 Kf8 25. Kb2 Ke7 26. Kc3 Bd5 27. c5 g5 28. Rd4 h5 29. h3 Kf6 30. Raa4 Rxd4 31. Kxd4 Bc6 32. Ra5 e5+ 33. Ke3 g4 34. hxg4 hxg4 35. Ne4+ Kf5 36. Nd6+ Ke6 37. Ne4 Kf5 38. b4 gxf3 39. gxf3 Ke6 40. f4 Rh8 41. Rxa6 Rh3+ 42. Kf2 Kf5 43. Nd6+ Kxf4 44. b5 Rh2+ 45. Ke1 Bf3 46. Ra4+ e4 47. b6 Re2+ 48. Kf1 Rb2 49. a3 Rb1+ 50. Kf2 Rb2+ 51. Ke1 Re2+ 52. Kf1 Rd2 53. Nc4 Rh2 54. b7 Rh1+ 55. Kf2 Rb1 56. c6 1-0

[Event "2BLW 2223 SF Neuberg - SV Koblenz"]
[Site "?"]
[Date "2022.11.26"]
[Round "3.1"]
[White "Balog, Imre"]
[Black "Lubbe, Nikolas"]
[Result "1-0"]
[WhiteElo "2596"]
[BlackElo "2486"]
[PlyCount "71"]
[EventDate "2022.??.??"]

1. d4 d5 2. Nf3 Nf6 3. c4 e6 4. Nc3 Be7 5. Qc2 O-O 6. e4 dxe4 7. Nxe4 Nxe4 8. Qxe4 Bb4+ 9. Bd2 Bxd2+ 10. Nxd2 c5 11. dxc5 Nc6 12. Qe3 e5 13. Bd3 f5 14. O-O-O Qf6 15. Rhe1 Be6 16. Bc2 Rad8 17. a3 Bf7 18. f3 Rd4 19. h3 Rfd8 20. g4 f4 21. Qc3 Qh4 22. Re2 Qxh3 23. b4 Bg6 24. b5 Bxc2 25. Kxc2 Rd3 26. Qxd3 Rxd3 27. bxc6 Rd8 28. cxb7 Qh6 29. Ne4 Rf8 30. Rd6 Qh1 31. c6 Qxf3 32. c7 Qxe2+ 33. Nd2 Qxg4 34. Rd8 Qg6+ 35. Kc3 Qg3+ 36. Kb2 1-0

[Event "2BLW 2223 SF Neuberg - SV Koblenz"]
[Site "?"]
[Date "2022.11.26"]
[Round "3.2"]
[White "Bethke, Richard"]
[Black "Sulskis, Sarunas"]
[Result "0-1"]
[WhiteElo "2373"]
[BlackElo "2482"]
[PlyCount "94"]
[EventDate "2022.??.??"]

1. e4 e6 2. d4 d5 3. Nd2 c5 4. exd5 Qxd5 5. Ngf3 cxd4 6. Bc4 Qd7 7. O-O Nc6 8. Nb3 a6 9. Re1 Bb4 10. Bd2 Bd6 11. Bg5 h6 12. Bh4 Nge7 13. Nbxd4 Qc7 14. Nxc6 Nxc6 15. Qd3 O-O 16. Rad1 Ne5 17. Qxd6 Qxd6 18. Rxd6 Nxc4 19. Rd4 b5 20. b3 Na3 21. Rc1 f6 22. c4 Bb7 23. Rd6 Bxf3 24. gxf3 g5 25. Bg3 e5 26. c5 Kg7 27. h4 b4 28. Rcd1 Nb5 29. Rb6 Rac8 30. Rxa6 Rxc5 31. hxg5 hxg5 32. Ra5 Rf7 33. Rd8 Rb7 34. Kg2 Rc6 35. Kh3 Nd6 36. Kg4 f5+ 37. Kh3 f4 38. Bh2 Nf7 39. Rd2 Kf6 40. Ra8 Rd6 41. Rc2 Kf5 42. Rcc8 Rdd7 43. Rf8 Ra7 44. Rab8 Rdb7 45. Kg2 Rxb8 46. Rxb8 Rxa2 47. Rxb4 Nh8 0-1

[Event "2BLW 2223 SF Neuberg - SV Koblenz"]
[Site "?"]
[Date "2022.11.26"]
[Round "3.3"]
[White "Wiedenkeller, Michael"]
[Black "Lubbe, Melanie"]
[Result "1-0"]
[WhiteElo "2432"]
[BlackElo "2314"]
[PlyCount "81"]
[EventDate "2022.??.??"]

1. d4 Nf6 2. Bg5 c5 3. Bxf6 gxf6 4. d5 Qb6 5. Qc1 f5 6. c4 Bg7 7. Nc3 d6 8. e3 Nd7 9. Nf3 Nf6 10. Bd3 e5 11. Nh4 e4 12. Be2 O-O 13. O-O Ng4 14. g3 Qb4 15. Qc2 Ne5 16. a3 Qa5 17. Kh1 a6 18. f3 exf3 19. Nxf3 Ng4 20. Nd1 Re8 21. Bd3 Rxe3 22. Nxe3 Nxe3 23. Qe2 Nxf1 24. Qe8+ Bf8 25. Rxf1 Qc7 26. Nh4 Rb8 27. Qe2 Qe7 28. Qh5 h6 29. Nxf5 Bxf5 30. Qxf5 Bg7 31. Qh7+ Kf8 32. Bg6 f6 33. Bf5 Ke8 34. Rf4 Kd8 35. Re4 Qf8 36. Rg4 Qe8 37. Qxg7 Qe1+ 38. Kg2 Qe2+ 39. Kh3 Qf1+ 40. Kh4 Qxf5 41. Qf7 1-0

[Event "2BLW 2223 SF Neuberg - SV Koblenz"]
[Site "?"]
[Date "2022.11.26"]
[Round "3.4"]
[White "Kuenstler, Christian"]
[Black "Fritsche, Lutz"]
[Result "1/2-1/2"]
[WhiteElo "2267"]
[BlackElo "2310"]
[PlyCount "32"]
[EventDate "2022.??.??"]

1. e4 c5 2. Nf3 e6 3. g3 d5 4. exd5 exd5 5. d4 Nc6 6. Bg2 Bg4 7. O-O Nxd4 8. Qe1+ Ne7 9. Nxd4 cxd4 10. Qe5 Be6 11. Qxd4 Nc6 12. Qd3 Qd7 13. Nc3 Rd8 14. Bf4 Be7 15. Nb5 O-O 16. Nd4 Nxd4 1/2-1/2

[Event "2BLW 2223 SF Neuberg - SV Koblenz"]
[Site "?"]
[Date "2022.11.26"]
[Round "3.5"]
[White "Hammes, Michael"]
[Black "Lutz, Klaus-Juergen"]
[Result "0-1"]
[WhiteElo "2342"]
[BlackElo "2264"]
[PlyCount "48"]
[EventDate "2022.??.??"]

1. d4 f5 2. Nf3 Nf6 3. g3 e6 4. Bg2 Be7 5. O-O O-O 6. b3 a5 7. c4 d6 8. Bb2 Qe8 9. Nbd2 Nc6 10. Ne1 e5 11. dxe5 dxe5 12. Bxc6 Qxc6 13. Bxe5 f4 14. Bxf4 Bh3 15. Ndf3 Bxf1 16. Kxf1 Rad8 17. Nd3 Ne4 18. Qc2 Bf6 19. Rc1 g5 20. Be3 g4 21. Ng1 Bg5 22. Nf4 Bxf4 23. Bxf4 Rxf4 24. gxf4 Nd2+ 0-1

[Event "2BLW 2223 SF Neuberg - SV Koblenz"]
[Site "?"]
[Date "2022.11.26"]
[Round "3.6"]
[White "Schaffer, Hendrik"]
[Black "Doncevic, Dario"]
[Result "1/2-1/2"]
[WhiteElo "2220"]
[BlackElo "2221"]
[PlyCount "39"]
[EventDate "2022.??.??"]

1. d4 Nf6 2. c4 g6 3. Nc3 d5 4. Bf4 Bg7 5. e3 c5 6. dxc5 Qa5 7. Rc1 dxc4 8. Bxc4 O-O 9. Nf3 Qxc5 10. Be2 Nc6 11. O-O Rd8 12. Qa4 Qb6 13. Ne5 Nxe5 14. Bxe5 Bd7 15. Qa3 Qe6 16. Bd4 Bc6 17. Bb5 Bxg2 18. Kxg2 Qg4+ 19. Kh1 Qf3+ 20. Kg1 1/2-1/2

[Event "2BLW 2223 SF Neuberg - SV Koblenz"]
[Site "?"]
[Date "2022.11.26"]
[Round "3.7"]
[White "Stewart, Neil"]
[Black "Seifert, Christopher"]
[Result "1-0"]
[WhiteElo "2213"]
[BlackElo "2334"]
[PlyCount "33"]
[EventDate "2022.??.??"]

1. d4 Nf6 2. c4 c5 3. d5 e6 4. Nc3 exd5 5. cxd5 d6 6. e4 g6 7. h3 Bg7 8. Nf3 O-O 9. Be3 Re8 10. Nd2 a6 11. a4 Nh5 12. Be2 Qh4 13. g4 Bxc3 14. bxc3 Ng7 15. Nc4 Rxe4 16. Qd3 Qf6 17. Nb6 1-0

[Event "2BLW 2223 SF Neuberg - SV Koblenz"]
[Site "?"]
[Date "2022.11.26"]
[Round "3.8"]
[White "Bethke, Robert"]
[Black "Steinacker, Alex"]
[Result "1/2-1/2"]
[WhiteElo "2092"]
[BlackElo "2287"]
[PlyCount "87"]
[EventDate "2022.??.??"]

1. d4 g6 2. c4 Bg7 3. Nc3 Nf6 4. Nf3 O-O 5. e4 d6 6. Be2 e5 7. O-O Nc6 8. d5 Ne7 9. a3 Nh5 10. b4 Nf4 11. Bxf4 exf4 12. Qb3 h6 13. Rad1 g5 14. h3 Ng6 15. Nd4 Bxd4 16. Rxd4 Ne5 17. Qd1 a6 18. c5 Qf6 19. f3 h5 20. cxd6 cxd6 21. b5 axb5 22. Nxb5 Bd7 23. a4 Rfc8 24. Rb4 Bxb5 25. Rxb5 Rc7 26. Qb3 Ra7 27. Qb4 Nd7 28. Ra5 Rxa5 29. Qxa5 Rc2 30. Bb5 Nc5 31. Qc7 Kg7 32. Be8 Re2 33. Bb5 Rd2 34. Kh1 g4 35. Rg1 Nxe4 36. fxe4 f3 37. Qc1 fxg2+ 38. Rxg2 Rxg2 39. Kxg2 Qf3+ 40. Kg1 Qg3+ 41. Kh1 Qxh3+ 42. Kg1 Qg3+ 43. Kh1 Qh3+ 44. Kg1 1/2-1/2

[Event "2BLW 2223 SV Oberursel - SC Heimbach-We"]
[Site "?"]
[Date "2022.11.26"]
[Round "3.1"]
[White "Livaic, Leon"]
[Black "Heinz, Axel"]
[Result "1/2-1/2"]
[WhiteElo "2582"]
[BlackElo "2433"]
[PlyCount "129"]
[EventDate "2022.??.??"]

1. d4 Nf6 2. c4 e6 3. Nc3 Bb4 4. Qb3 c5 5. dxc5 Nc6 6. Nf3 O-O 7. Bg5 h6 8. Bxf6 Qxf6 9. e3 Bxc5 10. Ne4 Qf5 11. Nxc5 Qxc5 12. Qc3 Rd8 13. a3 b6 14. b4 Qe7 15. Be2 Bb7 16. O-O Rac8 17. Rfc1 a5 18. Rab1 axb4 19. axb4 Ra8 20. c5 bxc5 21. Qxc5 Rdb8 22. Qc3 Rc8 23. Qd2 Nd8 24. Nd4 Be4 25. Rxc8 Rxc8 26. Bd3 Bxd3 27. Qxd3 Qd6 28. Qd2 Nc6 29. b5 Nxd4 30. Qxd4 Qxd4 31. exd4 Kf8 32. Kf1 Ke7 33. Ke2 Kd6 34. Kd3 Ra8 35. Kc4 Kc7 36. Rb2 Ra4+ 37. Kd3 Kb6 38. h4 Ra5 39. Rc2 Rxb5 40. Rc8 Rf5 41. Ke3 h5 42. f3 Kb7 43. Rg8 g6 44. g4 hxg4 45. fxg4 Rf1 46. h5 gxh5 47. gxh5 Kc7 48. h6 Rh1 49. Rg7 Rxh6 50. Rxf7 Kd6 51. Rg7 Rh3+ 52. Kd2 Kc6 53. d5+ exd5 54. Rg4 Kc5 55. Ra4 d6 56. Kc2 d4 57. Kd2 Kd5 58. Ra8 Rg3 59. Rh8 d3 60. Rh4 Kc5 61. Ra4 d5 62. Rh4 Rf3 63. Rg4 Rh3 64. Rf4 d4 65. Rf8 1/2-1/2

[Event "2BLW 2223 SV Oberursel - SC Heimbach-We"]
[Site "?"]
[Date "2022.11.26"]
[Round "3.2"]
[White "Margolin, Boris"]
[Black "Kraus, Tomas"]
[Result "0-1"]
[WhiteElo "2387"]
[BlackElo "2467"]
[PlyCount "83"]
[EventDate "2022.??.??"]

1. e4 c5 2. Nf3 d6 3. c3 Nf6 4. Bd3 Nc6 5. Bc2 Bg4 6. h3 Bh5 7. d3 e6 8. Nbd2 d5 9. Qe2 Qc7 10. g4 Bg6 11. Nh4 O-O-O 12. Nf1 c4 13. Nxg6 cxd3 14. Bxd3 hxg6 15. Bg5 Ne5 16. Bxf6 gxf6 17. Ng3 dxe4 18. Bxe4 Bh6 19. Rd1 Rxd1+ 20. Qxd1 Rd8 21. Qa4 f5 22. Bc2 Nf3+ 23. Ke2 Nd2 24. f4 Bxf4 25. Nf1 Qe5+ 26. Kf2 Nxf1 27. Kxf1 Qe3 28. Qc4+ Kb8 29. Qe2 Qxe2+ 30. Kxe2 Rd2+ 31. Kf3 Rxc2 32. Kxf4 Rxb2 33. Ke5 Rxa2 34. g5 Ra5+ 35. Kf6 f4 36. Kxf7 Rxg5 37. h4 Rg3 38. Kxe6 Rxc3 39. Kf6 Rc6+ 40. Kg5 a5 41. Ra1 Ra6 42. Ra4 0-1

[Event "2BLW 2223 SV Oberursel - SC Heimbach-We"]
[Site "?"]
[Date "2022.11.26"]
[Round "3.3"]
[White "Tica, Sven"]
[Black "Dubiel, Jacek"]
[Result "1-0"]
[WhiteElo "2432"]
[BlackElo "2379"]
[PlyCount "81"]
[EventDate "2022.??.??"]

1. d4 d5 2. c4 e6 3. Nf3 Nf6 4. g3 Be7 5. Bg2 O-O 6. Nc3 dxc4 7. Ne5 Nc6 8. Bxc6 bxc6 9. Nxc6 Qe8 10. Nxe7+ Qxe7 11. Qa4 c5 12. dxc5 Qxc5 13. Be3 Qc7 14. f3 Bd7 15. Qa3 Nd5 16. Nxd5 exd5 17. Bd4 Rfe8 18. Kf2 Re6 19. Rag1 Be8 20. e3 f6 21. g4 h6 22. h4 Bg6 23. Rh3 Qb7 24. Qc3 Ra6 25. f4 Rf8 26. a3 Qb3 27. Qxb3 cxb3 28. g5 fxg5 29. hxg5 hxg5 30. Rxg5 Rf5 31. Rhg3 Rxg5 32. Rxg5 Bf7 33. Rxg7+ Kf8 34. f5 Rh6 35. Rg1 Rh2+ 36. Kg3 Rc2 37. Kf4 a6 38. Ke5 Ke7 39. Rh1 Rc6 40. Rh8 Be8 41. Kxd5 1-0

[Event "2BLW 2223 SV Oberursel - SC Heimbach-We"]
[Site "?"]
[Date "2022.11.26"]
[Round "3.4"]
[White "Akbarinia, Sayed Arash"]
[Black "Winterberg, Lukas"]
[Result "0-1"]
[WhiteElo "2386"]
[BlackElo "2394"]
[PlyCount "80"]
[EventDate "2022.??.??"]

1. Nf3 Nf6 2. c4 e6 3. g3 d5 4. Bg2 Be7 5. d4 O-O 6. Qd3 b6 7. cxd5 exd5 8. O-O Bb7 9. Nc3 c5 10. dxc5 bxc5 11. Ne5 Na6 12. Bg5 h6 13. Bxf6 Bxf6 14. Ng4 Bd4 15. e3 Bxc3 16. bxc3 Nc7 17. Rfd1 Qg5 18. h3 Rfd8 19. Qc2 Rab8 20. Qa4 a6 21. Qa5 Qe7 22. Rab1 Ba8 23. Nh2 Rb5 24. Qa3 Kf8 25. Nf1 Rdb8 26. Rbc1 c4 27. Qa4 Bc6 28. Qc2 Rb2 29. Qh7 Qf6 30. Rd2 Ne6 31. h4 Ke7 32. Bh3 d4 33. Qf5 Qxf5 34. Bxf5 d3 35. Bxe6 Kxe6 36. e4 Kd6 37. f3 Kc5 38. Kf2 Rxd2+ 39. Nxd2 Rb2 40. Ke3 Rc2 0-1

[Event "2BLW 2223 SV Oberursel - SC Heimbach-We"]
[Site "?"]
[Date "2022.11.26"]
[Round "3.5"]
[White "Krejci, Jan"]
[Black "Stork, Oliver"]
[Result "1/2-1/2"]
[WhiteElo "2516"]
[BlackElo "2340"]
[PlyCount "98"]
[EventDate "2022.??.??"]

1. Nf3 Nf6 2. c4 e6 3. b3 d5 4. e3 c5 5. Bb2 Nc6 6. cxd5 exd5 7. Be2 Bd6 8. O-O O-O 9. d4 a6 10. Nbd2 cxd4 11. Nxd4 Nxd4 12. Bxd4 Bf5 13. Nf3 Ne4 14. Bb2 Be7 15. Rc1 Qa5 16. a3 Rfc8 17. b4 Qd8 18. Qb3 Bf6 19. Bxf6 Qxf6 20. Qxd5 Nc3 21. Qd2 Nxe2+ 22. Qxe2 Bg4 23. Rfd1 g6 24. h3 Bxf3 25. Qxf3 Qxf3 26. gxf3 Rxc1 27. Rxc1 Rd8 28. a4 b6 29. Kg2 Rd2 30. Rc6 Ra2 31. Rxb6 Rxa4 32. f4 a5 33. Ra6 Rxb4 34. Rxa5 Kg7 35. f5 Kf6 36. fxg6 hxg6 37. f4 Rb1 38. e4 Rb3 39. h4 Re3 40. Ra6+ Kg7 41. e5 Rb3 42. Ra7 Kg8 43. Ra1 Kg7 44. Rh1 Kh6 45. Rh3 Rb2+ 46. Kf3 Kh5 47. Rh1 Rb3+ 48. Ke4 Rb4+ 49. Kf3 Rb3+ 1/2-1/2

[Event "2BLW 2223 SV Oberursel - SC Heimbach-We"]
[Site "?"]
[Date "2022.11.26"]
[Round "3.6"]
[White "Weber, Samuel"]
[Black "Polak, Tomas"]
[Result "1/2-1/2"]
[WhiteElo "2198"]
[BlackElo "2513"]
[PlyCount "124"]
[EventDate "2022.??.??"]

1. Nf3 Nf6 2. g3 d5 3. Bg2 c6 4. O-O Bg4 5. h3 Bxf3 6. exf3 g6 7. d3 Bg7 8. f4 O-O 9. Nd2 Nbd7 10. Nf3 Ne8 11. Re1 Nd6 12. c3 e6 13. Qc2 Nf5 14. Bd2 Re8 15. Rad1 a5 16. b3 Qc7 17. g4 Nd6 18. Ne5 a4 19. b4 Nb5 20. Nxd7 Qxd7 21. c4 Nd4 22. Qc1 Rad8 23. Kh1 b6 24. Bc3 Qd6 25. Qd2 Qc7 26. Qc1 dxc4 27. dxc4 c5 28. b5 Rd6 29. f5 gxf5 30. Bxd4 Bxd4 31. gxf5 Kh8 32. Qh6 Bg7 33. Qh5 Rxd1 34. Rxd1 Qf4 35. Qg4 Qxf2 36. fxe6 fxe6 37. Rf1 Qd4 38. Rf4 Qc3 39. Be4 Rd8 40. Qh4 Qa1+ 41. Kg2 Rd2+ 42. Rf2 Rxf2+ 43. Qxf2 Bf6 44. Bd3 a3 45. Qe2 Qb2 46. Kf3 Bd4 47. Qe4 Qf2+ 48. Kg4 Qf7 49. Qf4 Qg7+ 50. Qg5 Qf8 51. Qh5 Qg8+ 52. Qg5 Qf8 53. Kg3 Qf7 54. Qf4 Qg7+ 55. Kf3 Be5 56. Qh4 Qf7+ 57. Ke2 Bf6 58. Qg4 Bd4 59. Qf3 Qg7 60. Qf4 Qg8 61. Qf3 Qe8 62. Qg4 Qf7 1/2-1/2

[Event "2BLW 2223 SV Oberursel - SC Heimbach-We"]
[Site "?"]
[Date "2022.11.26"]
[Round "3.7"]
[White "Ronge, Tim"]
[Black "Dolzhykova, Kateryna"]
[Result "1-0"]
[WhiteElo "2278"]
[BlackElo "2204"]
[PlyCount "83"]
[EventDate "2022.??.??"]

1. e4 c5 2. Nf3 d6 3. Bb5+ Bd7 4. c4 Nf6 5. Nc3 g6 6. O-O Bg7 7. d4 cxd4 8. Nxd4 O-O 9. f3 a6 10. Bxd7 Nbxd7 11. b3 Qa5 12. Bb2 Nh5 13. Kh1 Qg5 14. Nde2 b5 15. f4 Qg4 16. cxb5 axb5 17. Qd2 Nc5 18. b4 Na4 19. Nxa4 Rxa4 20. a3 Bxb2 21. Qxb2 Ra6 22. Rac1 Rfa8 23. Rf3 Nf6 24. Ng3 Qe6 25. Re1 Rc6 26. e5 dxe5 27. Rxe5 Qc4 28. h3 Nd5 29. Kh2 e6 30. Ne4 f6 31. Rxd5 Qxe4 32. Rxb5 Rc2 33. Qb3 Qe2 34. Rg3 Rd8 35. Rb6 Re8 36. f5 Rb2 37. Qa4 exf5 38. Rxf6 Qe5 39. Rxf5 Qe1 40. Qd7 Re7 41. Qd8+ Re8 42. Qf6 1-0

[Event "2BLW 2223 SV Oberursel - SC Heimbach-We"]
[Site "?"]
[Date "2022.11.26"]
[Round "3.8"]
[White "Stork, Christopher"]
[Black "Bukal, Vladimir Jr"]
[Result "0-1"]
[WhiteElo "2021"]
[BlackElo "2411"]
[PlyCount "86"]
[EventDate "2022.??.??"]

1. e4 c5 2. Nf3 a6 3. Nc3 e6 4. d4 cxd4 5. Nxd4 d6 6. Be3 b5 7. a3 Bb7 8. Bd3 Nf6 9. O-O Be7 10. Qe2 O-O 11. Rad1 Qc7 12. f4 Nbd7 13. Bf2 Rfe8 14. Nf3 Rac8 15. Nb1 Nc5 16. Nbd2 Ng4 17. Bg3 Nxd3 18. cxd3 d5 19. h3 dxe4 20. hxg4 exf3 21. Nxf3 b4 22. axb4 Bxb4 23. Kh2 Qc2 24. Rf2 Qxe2 25. Rxe2 Red8 26. Bf2 h6 27. Ne5 Rd5 28. Bg3 f6 29. Nf3 Kf7 30. d4 Rb5 31. Rd3 Bd5 32. Rde3 Bf8 33. Be1 Rc1 34. Bc3 Bd6 35. g5 a5 36. Kg3 a4 37. Re1 Rxe1 38. Rxe1 Rb3 39. Re3 Bb4 40. Kf2 a3 41. Nd2 Bxc3 42. Nxb3 axb2 43. Rxc3 b1=Q 0-1